|
|
|
|
| LEADER |
00000nam0a2200000 4500 |
| 001 |
324570 |
| 005 |
20231102003700.0 |
| 035 |
|
|
|a (RuTPU)RU\TPU\book\350168
|
| 090 |
|
|
|a 324570
|
| 100 |
|
|
|a 20161118d1973 km y0rusy50 ca
|
| 101 |
0 |
|
|a rus
|
| 102 |
|
|
|a RU
|
| 105 |
|
|
|a y z 000zy
|
| 200 |
1 |
|
|a Научно-техническая революция и общество
|f под ред. Н. И. Дряхлова
|
| 210 |
|
|
|a Москва
|c Мысль
|d 1973
|
| 215 |
|
|
|a 480 с.
|
| 606 |
1 |
|
|a Наука и общество
|x Социальная философия
|2 stltpush
|3 (RuTPU)RU\TPU\subj\45088
|9 64350
|
| 610 |
1 |
|
|a научно-техническая революция
|
| 610 |
1 |
|
|a научно-технический прогресс
|
| 610 |
1 |
|
|a СССР
|
| 610 |
1 |
|
|a производительные силы
|
| 610 |
1 |
|
|a социальные условия
|
| 610 |
1 |
|
|a изменение
|
| 610 |
1 |
|
|a труд
|
| 610 |
1 |
|
|a содержание
|
| 610 |
1 |
|
|a взаимодействие
|
| 610 |
1 |
|
|a общество
|
| 610 |
1 |
|
|a природа
|
| 610 |
1 |
|
|a общественное производство
|
| 610 |
1 |
|
|a управление
|
| 686 |
|
|
|a Ю667.2
|v LBC/SL-A
|2 rubbk
|
| 702 |
|
1 |
|a Дряхлов
|b Н. И.
|g Николай Иванович
|4 340
|
| 801 |
|
1 |
|a RU
|b 63413507
|c 20161118
|
| 801 |
|
2 |
|a RU
|b 63413507
|c 20161125
|g RCR
|
| 942 |
|
|
|c BK
|